Che fece...il gran rifiuto

Bibliographic Details
Main Author: Kavafīs, Kōnstantinos P., 1863-1933 (Author)
Other Authors: Gavora, Ivan, 1919-2006 (Translator)
Format: Article
Language:Slovak
Greek, Modern (1453- )
Subjects:

MARC

LEADER 00000nab a2200000 a 4500
001 vtls000359361
003 SK-MaSNL
005 20260304014331.0
008 241209c1989 xo 0 slo
015 |a SNBRB19rr/mm-uuuuu 
035 |a CL0359483 
040 |a SNKBUCL  |b slo  |c SNKBUCL  |e AACR2 
041 1 |a slo  |h gre 
044 |a xo  |c SK 
080 |a 877.4-1  |2 1981 
100 1 |a Kavafīs, Kōnstantinos P.,  |d 1863-1933  |4 aut  |9 1295188 
245 1 0 |a Che fece...il gran rifiuto  |c Konstantinos Kavafis ; preložil Ivan Gavora, prebásnil Pavol Janík 
500 |a Pod spoločným názvom Nech pretrvajú 
655 7 |a články z novín a časopisov  |2 snkbucl  |9 267496 
655 7 |a články z odboru literárna veda a krásna literatúra  |2 snkbucl  |9 770045 
655 7 |a grécka poézia  |2 snkbucl  |9 78543 
700 1 |a Gavora, Ivan,  |d 1919-2006  |4 trl  |9 185790 
700 1 |a Janík, Pavol,  |d 1956-  |4 oth  |9 221069 
773 0 |t Revue svetovej literatúry  |g Roč. 25, č. 5 (1989), s. 4 
850 |a Slovenská národná knižnica v Martine 
852 |a Slovenská národná knižnica v Martine 
958 |a RK 
958 |a LX 
999 |c 2583621  |d 2585551